|
|
|
|
| LEADER |
00000cam a2200000 7i4500 |
| 001 |
0000001540 |
| 005 |
20151222.0 |
| 008 |
070705 |
| 020 |
|
|
|a 9833435378
|
| 020 |
|
|
|a 9833435386(set)
|
| 090 |
0 |
0 |
|a JF
|b FT ENG (1583)
|
| 245 |
0 |
4 |
|a The little match girl
|c Edited by Shilpi & Deepti
|
| 260 |
|
|
|a Kuala Lumpur :
|b Scholar's Publications
|
| 440 |
|
|
|a Famous fairy tales
|
| 500 |
|
|
|a Children ages 7-9 years old (orange)
|
| 650 |
|
0 |
|a Fairy tales
|
| 650 |
|
0 |
|a Junior fiction
|x English
|x Languages
|
| 700 |
1 |
|
|a Edited by Shilpi & Deepti
|
| 999 |
|
|
|a 0000962530
|b Book
|c Children Collection
|e Perbadanan Perpustakaan Awam Johor
|
| 999 |
|
|
|a 0000962532
|b Book
|c Children Collection
|e Perbadanan Perpustakaan Awam Johor
|
| 999 |
|
|
|a 0000972089
|b Book
|c Children Collection
|e Perbadanan Perpustakaan Awam Johor
|
| 999 |
|
|
|a 0000972090
|b Book
|c Children Collection
|e Perbadanan Perpustakaan Awam Johor
|
| 999 |
|
|
|a 0000972091
|b Book
|c Children Collection
|e Perbadanan Perpustakaan Awam Johor
|